[Event "Xtracon Open 2019"]
[Site "Helsingor"]
[Date "2019.07.26"]
[Round "8.4"]
[White "Rydstrom, Tom"]
[Black "Svane, Rasmus"]
[Result "0-1"]
[WhiteElo "2345"]
[BlackElo "2615"]
[Annotator "TA"]
[PlyCount "114"]
[EventDate "2019.07.19"]
[EventType "swiss"]
[EventCountry "DEN"]
[SourceTitle "playchess.com"]
[Source "ChessBase"]
[SourceQuality "1"]

1. e4 c6 2. Nc3 d5 3. Nf3 dxe4 4. Nxe4 Nf6 5. Qe2 Nxe4 6. Qxe4 Nd7 7. Bc4 Nf6 8. Ne5 e6 9. Qe2 b5 10. Bb3 Qc7 11. O-O Bd6 12. d4 O-O 13. Bf4 a5 14. c3 Ba6 15. Rfe1 b4 16. Qf3 bxc3 17. bxc3 Bb7 18. Qh3 Nd5 19. Bd2 c5 20. Rac1 Rfc8 21. Bc2 g6 22. Bb1 cxd4 23. cxd4 Qe7 24. Rxc8+ Rxc8 25. Qh6 Bb4 26. Be4 Nf6 27. Bxb4 axb4 28. Bxb7 Qxb7 29. Qd2 Nd5 30. h4 Qc7 31. Qe2 Qc2 32. g3 Qxe2 33. Rxe2 Rc3 34. Rd2 Kf8 35. Kf1 f6 36. Nd3 Rc4 37. Nc5 Ke7 38. Nb3 Rc7 39. Rb2 Kd6 40. Ke2 Ra7 41. Kd3 Nc3 42. Nc1 Nd1 43. Rc2 f5 44. Rd2 Ra3+ 45. Kc2 Nc3 46. Kb2 Kd5 47. Rd3 Kc4 48. Kc2 Ne4 49. Rxa3 bxa3 50. Nd3 Kxd4 51. Nf4 e5 52. Ne6+ Kc4 53. Nf8 Nf6 54. f3 Kd5 55. g4 fxg4 56. fxg4 Kd6 57. g5 Ke7 0-1

[Event "Xtracon Open 2019"]
[Site "Helsingor"]
[Date "2019.07.26"]
[Round "8.4"]
[White "Klings, Peter"]
[Black "Berg, Klaus"]
[Result "1/2-1/2"]
[WhiteElo "2105"]
[BlackElo "2295"]
[Annotator "NA"]
[PlyCount "26"]
[EventDate "2019.07.19"]
[EventType "swiss"]
[EventCountry "DEN"]
[SourceTitle "playchess.com"]
[Source "ChessBase"]
[SourceQuality "1"]

1. e4 d5 2. exd5 Qxd5 3. Nc3 Qa5 4. Nf3 Nf6 5. h3 c6 6. Bc4 Bf5 7. d3 e6 8. Bd2 Qd8 9. Qe2 Be7 10. Ne5 Nbd7 11. Nxd7 Qxd7 12. Bb3 O-O-O 13. O-O-O Qc7 1/2-1/2

[Event "Xtracon Open 2019"]
[Site "Helsingor"]
[Date "2019.07.26"]
[Round "8.4"]
[White "Mardell, Jonas"]
[Black "Thorsbro, Peter"]
[Result "1/2-1/2"]
[WhiteElo "2024"]
[BlackElo "2199"]
[Annotator "NA"]
[PlyCount "77"]
[EventDate "2019.07.19"]
[EventType "swiss"]
[EventCountry "DEN"]
[SourceTitle "playchess.com"]
[Source "ChessBase"]
[SourceQuality "1"]

1. e4 e5 2. f4 exf4 3. Bc4 Qh4+ 4. Kf1 Ne7 5. Nc3 d6 6. d4 g5 7. Nf3 Qh6 8. h4 Bg4 9. Kg1 gxh4 10. Qd3 h3 11. g3 Bxf3 12. Qxf3 Qg7 13. Nb5 Na6 14. Bxf4 Ng6 15. Rxh3 Nxf4 16. Qxf4 Be7 17. Rf1 O-O 18. c3 Bg5 19. Qf3 h6 20. Kg2 Rae8 21. Rfh1 d5 22. exd5 Re3 23. Qf5 Qg6 24. Qxg6+ fxg6 25. d6+ Kg7 26. dxc7 Re7 27. Rd1 Nxc7 28. Nxc7 Rxc7 29. Be6 Be7 30. Rhh1 Bd6 31. Rhf1 b6 32. Rde1 Re7 33. d5 Ree8 34. b4 Rxf1 35. Rxf1 Re7 36. a3 Rc7 37. Rc1 Kf6 38. Kf3 a5 39. Ke4 1/2-1/2

[Event "Xtracon Open 2019"]
[Site "Helsingor"]
[Date "2019.07.26"]
[Round "8.4"]
[White "Sandbech, Ted Henrik"]
[Black "Satre, Roger"]
[Result "0-1"]
[WhiteElo "1687"]
[BlackElo "1867"]
[Annotator "NA"]
[PlyCount "116"]
[EventDate "2019.07.19"]
[EventType "swiss"]
[EventCountry "DEN"]
[SourceTitle "playchess.com"]
[Source "ChessBase"]
[SourceQuality "1"]

1. Nf3 d5 2. d4 Nf6 3. c4 c6 4. e3 e6 5. Nc3 Nbd7 6. cxd5 exd5 7. Be2 Bd6 8. Bd2 O-O 9. O-O Re8 10. Rc1 Ne4 11. a3 f5 12. Qb3 Ndf6 13. Rfd1 Kh8 14. Be1 f4 15. Nxe4 Nxe4 16. Nd2 Qe7 17. Nxe4 dxe4 18. exf4 Bxf4 19. Bd2 Be6 20. Qc3 Bd6 21. g3 Rad8 22. Be3 Rd7 23. Bh5 Rf8 24. Qd2 h6 25. Qc3 Qf6 26. Qe1 Bc7 27. b4 Bb6 28. a4 Bxd4 29. Bxd4 Rxd4 30. Rxd4 Qxd4 31. Rd1 Qe5 32. Be2 Bd5 33. Bf1 Qb2 34. Rb1 Qc2 35. Ra1 a6 36. a5 Qb2 37. Rb1 Qf6 38. Qe3 Qf3 39. Re1 Qxe3 40. Rxe3 Rf3 41. Bh3 Kg8 42. Rxf3 exf3 43. Kf1 Kf7 44. Ke1 Ke7 45. Kd2 Kd6 46. Kc3 c5 47. Bf1 Kc6 48. Bd3 g5 49. Bf5 b6 50. axb6 Kxb6 51. Bd3 cxb4+ 52. Kxb4 a5+ 53. Ka3 Bc6 54. Bf5 Kc5 55. Bd3 Kd4 56. Ba6 Kc3 57. h4 Kd2 58. hxg5 hxg5 0-1

[Event "Xtracon Open 2019"]
[Site "Helsingor"]
[Date "2019.07.26"]
[Round "8.5"]
[White "Maze, Sebastien"]
[Black "Vaishali R"]
[Result "1/2-1/2"]
[WhiteElo "2565"]
[BlackElo "2344"]
[Annotator "ChessBase"]
[PlyCount "55"]
[EventDate "2019.07.19"]
[EventType "swiss"]
[EventCountry "DEN"]
[SourceTitle "playchess.com"]
[Source "ChessBase"]
[SourceQuality "1"]

1. e4 c5 2. Nf3 Nc6 3. Bb5 g6 4. O-O Bg7 5. Re1 e5 6. Bxc6 dxc6 7. d3 Qe7 8. a3 Nf6 9. b4 O-O 10. bxc5 Nd7 11. a4 Nxc5 12. Ba3 b6 13. Nbd2 Be6 14. Qb1 Rfd8 15. a5 Rab8 16. axb6 axb6 17. Bb4 f6 18. Ra3 Bf8 19. Qa1 Qe8 20. Rb1 Ra8 21. h3 Rxa3 22. Qxa3 Ra8 23. Qc1 Qd7 24. Nf1 b5 25. Qe3 Qa7 26. N1d2 Nd7 27. d4 c5 28. dxc5 1/2-1/2

[Event "Xtracon Open 2019"]
[Site "Helsingor"]
[Date "2019.07.26"]
[Round "8.5"]
[White "Bjerre, Jonas Buhl"]
[Black "Grandelius, Nils"]
[Result "1/2-1/2"]
[WhiteElo "2503"]
[BlackElo "2691"]
[Annotator "TA"]
[PlyCount "100"]
[EventDate "2019.07.19"]
[EventType "swiss"]
[EventCountry "DEN"]
[SourceTitle "playchess.com"]
[Source "ChessBase"]
[SourceQuality "1"]

1. e4 e5 2. Nf3 Nc6 3. Bb5 a6 4. Ba4 Nf6 5. O-O Bc5 6. c3 b5 7. Bb3 d6 8. d4 Ba7 9. dxe5 Nxe5 10. Nxe5 dxe5 11. Qxd8+ Kxd8 12. Bg5 Ke7 13. Nd2 h6 14. Bxf6+ Kxf6 15. Bd5 Rb8 16. Nb3 Bb6 17. a4 Be6 18. axb5 Bxd5 19. exd5 axb5 20. Na5 Bxa5 21. Rxa5 Rhd8 22. Rd1 Rb6 23. b3 c6 24. c4 cxd5 25. cxd5 Ke7 26. Kf1 Kd6 27. Rc1 Rdb8 28. b4 Kxd5 29. Rc5+ Ke6 30. h4 R8b7 31. Ke2 Kf5 32. Ke3 f6 33. Kf3 h5 34. Ke3 g5 35. hxg5 Kxg5 36. f4+ Kf5 37. fxe5 fxe5 38. Ra1 Rg7 39. Rf1+ Ke6 40. Rh1 Rg3+ 41. Kf2 Rg5 42. g4 Rxg4 43. Rxh5 Kf7 44. Rhxe5 Rxb4 45. Rf5+ Rf6 46. Rxf6+ Kxf6 47. Ke3 Ke6 48. Kd3 Rc4 49. Rxc4 bxc4+ 50. Kxc4 Ke5 1/2-1/2

[Event "Xtracon Open 2019"]
[Site "Helsingor"]
[Date "2019.07.26"]
[Round "8.5"]
[White "Buchenau, Frank"]
[Black "Rishovd, Svein"]
[Result "0-1"]
[WhiteElo "2294"]
[BlackElo "2124"]
[Annotator "NA"]
[PlyCount "136"]
[EventDate "2019.07.19"]
[EventType "swiss"]
[EventCountry "DEN"]
[SourceTitle "playchess.com"]
[Source "ChessBase"]
[SourceQuality "1"]

1. e4 e6 2. d4 d5 3. Nd2 c5 4. Ngf3 cxd4 5. Nxd4 Nf6 6. exd5 Qxd5 7. Nb5 Na6 8. Nc3 Qd6 9. Bb5+ Bd7 10. O-O Be7 11. Nc4 Qc7 12. Bxd7+ Nxd7 13. Qe2 Rc8 14. b3 O-O 15. Nb5 Qb8 16. Bb2 Nb4 17. Rad1 Rcd8 18. Ne5 Nf6 19. Nd4 Bd6 20. f4 Qc8 21. a3 Nbd5 22. c4 Ne7 23. b4 b6 24. Qf3 Bxe5 25. fxe5 Nd7 26. Nb5 Qxc4 27. Nd6 Qc7 28. Rc1 Qb8 29. Nxf7 Nd5 30. Qh3 Rde8 31. Ng5 Rxf1+ 32. Rxf1 Nf8 33. Rxf8+ Kxf8 34. Qxh7 Ke7 35. Qxg7+ Kd8 36. Nf7+ Kd7 37. Nd6+ Re7 38. Qg6 Qf8 39. Qd3 Qf4 40. Ne4 Kc8 41. b5 Kb8 42. a4 Rh7 43. h3 Qe3+ 44. Qxe3 Nxe3 45. Ba3 Rg7 46. g3 Kc8 47. Bc1 Nc4 48. Kg2 Rd7 49. Bf4 Rd4 50. Kf3 Rd3+ 51. Ke2 Ra3 52. Nd6+ Nxd6 53. exd6 Rxa4 54. Ke3 Rb4 55. h4 Rxb5 56. Ke4 a5 57. g4 Rb4+ 58. Ke3 e5 59. Bxe5 Rxg4 60. Bf6 Kd7 61. Kf3 Rg6 62. Be5 Rxd6 63. Bxd6 Kxd6 64. Ke4 Ke6 65. Kd4 Kf6 66. Kc4 Kg6 67. Kb5 Kh5 68. Kxb6 a4 0-1

[Event "Xtracon Open 2019"]
[Site "Helsingor"]
[Date "2019.07.26"]
[Round "8.5"]
[White "Liu, Casper"]
[Black "Kakulidis, Ellen"]
[Result "0-1"]
[WhiteElo "2194"]
[BlackElo "1998"]
[Annotator "NA"]
[PlyCount "94"]
[EventDate "2019.07.19"]
[EventType "swiss"]
[EventCountry "DEN"]
[SourceTitle "playchess.com"]
[Source "ChessBase"]
[SourceQuality "1"]

1. d4 d5 2. Bf4 e6 3. e3 Nf6 4. Bd3 Bd6 5. Bg3 b6 6. Nd2 Bb7 7. Ngf3 O-O 8. Ne5 Ne4 9. f3 Nxd2 10. Qxd2 f6 11. Ng4 c5 12. c3 Nc6 13. Qc2 f5 14. Ne5 Bxe5 15. dxe5 Qc7 16. f4 c4 17. Be2 b5 18. O-O a5 19. a4 b4 20. b3 cxb3 21. Qxb3 Ba6 22. Bb5 Qb7 23. c4 Bxb5 24. cxb5 Ne7 25. Rfc1 Rfc8 26. Bh4 Ng6 27. Be1 Nf8 28. Qd3 Nd7 29. g4 g6 30. gxf5 gxf5 31. Qe2 Nb6 32. Bh4 Rxc1+ 33. Rxc1 Rc8 34. Rf1 Qf7 35. Bf6 Nd7 36. Bg5 Kf8 37. Kh1 Ke8 38. Rg1 Nf8 39. Bf6 Ng6 40. h4 Qb7 41. h5 d4+ 42. Rg2 Nf8 43. exd4 b3 44. b6 Rc2 45. Qb5+ Nd7 46. d5 Rxg2 47. Qc6 Qxc6 0-1

[Event "Xtracon Open 2019"]
[Site "Helsingor"]
[Date "2019.07.26"]
[Round "8.5"]
[White "Jorgensen, Alexander Torp"]
[Black "Thybo, Thomas Sondergaard"]
[Result "0-1"]
[WhiteElo "1863"]
[BlackElo "2104"]
[Annotator "NA"]
[PlyCount "80"]
[EventDate "2019.07.19"]
[EventType "swiss"]
[EventCountry "DEN"]
[SourceTitle "playchess.com"]
[Source "ChessBase"]
[SourceQuality "1"]

1. c4 e6 2. Nf3 Nf6 3. Nc3 d5 4. e3 c6 5. b3 Nbd7 6. Qc2 Bd6 7. Bb2 Qa5 8. Be2 a6 9. a3 b5 10. b4 Qd8 11. c5 Bc7 12. Nd4 Bb7 13. O-O e5 14. Nf5 g6 15. Ng3 h5 16. f4 h4 17. Nh1 Qe7 18. f5 e4 19. a4 Ne5 20. fxg6 fxg6 21. h3 g5 22. Nf2 O-O 23. Ncxe4 Nxe4 24. Nxe4 dxe4 25. Qxe4 Qh7 26. Qxh7+ Kxh7 27. d4 Ng6 28. Bf3 bxa4 29. Rxa4 Rae8 30. Kf2 a5 31. Bc1 Ba6 32. Rd1 Bb5 33. Ra2 a4 34. Ke1 Nf4 35. Kd2 Nxg2 36. Bxg2 Rf2+ 37. Kc3 Rxa2 38. Bb2 Rxe3+ 39. Kc2 Re2+ 40. Kc1 Bf4+ 0-1

[Event "Xtracon Open 2019"]
[Site "Helsingor"]
[Date "2019.07.26"]
[Round "8.6"]
[White "Korobov, Anton"]
[Black "Antonsen, Mikkel"]
[Result "1-0"]
[WhiteElo "2687"]
[BlackElo "2400"]
[Annotator "TA"]
[PlyCount "69"]
[EventDate "2019.07.19"]
[EventType "swiss"]
[EventCountry "DEN"]
[SourceTitle "playchess.com"]
[Source "ChessBase"]
[SourceQuality "1"]

1. d4 d5 2. Nf3 Nf6 3. e3 e6 4. Bd3 b6 5. O-O Be7 6. b3 O-O 7. Bb2 Bb7 8. Nbd2 Nbd7 9. c4 c5 10. Qe2 Qc7 11. Rac1 Rad8 12. Rfd1 Qb8 13. cxd5 exd5 14. Ne5 Bd6 15. Nxd7 Nxd7 16. Qh5 g6 17. Qh4 Rfe8 18. Nf3 Be7 19. Ng5 h5 20. g4 cxd4 21. gxh5 Bxg5 22. Qxg5 Ne5 23. Be2 Ba6 24. exd4 Bxe2 25. dxe5 Bxd1 26. hxg6 d4 27. gxf7+ Kxf7 28. Qf6+ Kg8 29. Qg6+ Kh8 30. Qh6+ Kg8 31. Rc6 Bc2 32. Qg5+ Kh8 33. Rh6+ Bh7 34. Qf6+ Kg8 35. Rh5 1-0

[Event "Xtracon Open 2019"]
[Site "Helsingor"]
[Date "2019.07.26"]
[Round "8.6"]
[White "Salomon, Johan"]
[Black "Welling, Gerard"]
[Result "1/2-1/2"]
[WhiteElo "2514"]
[BlackElo "2310"]
[Annotator "ChessBase"]
[PlyCount "84"]
[EventDate "2019.07.19"]
[EventType "swiss"]
[EventCountry "DEN"]
[SourceTitle "playchess.com"]
[Source "ChessBase"]
[SourceQuality "1"]

1. e4 d5 2. exd5 Nf6 3. Nf3 Nxd5 4. d4 g6 5. c4 Nb6 6. Nc3 Bg7 7. c5 Nd5 8. Bc4 c6 9. Qb3 O-O 10. O-O Nxc3 11. bxc3 b5 12. cxb6 axb6 13. Re1 b5 14. Bf1 Bg4 15. Ng5 h6 16. h3 Bc8 17. Nf3 Qd6 18. Ne5 Be6 19. Qc2 Nd7 20. Nd3 c5 21. Bf4 Qc6 22. dxc5 Ra3 23. Bd2 Nxc5 24. Nb4 Qb7 25. Qc1 Rfa8 26. Rb1 Bf5 27. Rb2 Ne4 28. Re3 Nxd2 29. Qxd2 Qd7 30. Nd5 Be6 31. Rd3 Bxd5 32. Rxd5 Qc8 33. Rbxb5 Rxa2 34. Qe3 e6 35. Rdc5 Qd7 36. Rb1 Ra1 37. Rcb5 Rxb1 38. Rxb1 Ra3 39. Rc1 Qc7 40. Qd2 Rxc3 41. Rxc3 Qxc3 42. Qxc3 Bxc3 1/2-1/2

[Event "Xtracon Open 2019"]
[Site "Helsingor"]
[Date "2019.07.26"]
[Round "8.6"]
[White "Ronka, Erik"]
[Black "Tolhuizen, Ludo"]
[Result "1-0"]
[WhiteElo "2289"]
[BlackElo "2090"]
[Annotator "NA"]
[PlyCount "61"]
[EventDate "2019.07.19"]
[EventType "swiss"]
[EventCountry "DEN"]
[SourceTitle "playchess.com"]
[Source "ChessBase"]
[SourceQuality "1"]

1. e4 e6 2. d4 d5 3. Nc3 Nf6 4. e5 Nfd7 5. f4 c5 6. Nf3 Nc6 7. Be3 Be7 8. Qd2 O-O 9. dxc5 Qa5 10. O-O-O b6 11. Bb5 Nb4 12. a3 bxc5 13. Kb1 Rb8 14. axb4 cxb4 15. Nxd5 exd5 16. Nd4 Bc5 17. Be2 Qb6 18. Bf3 Bb7 19. Rhe1 Rfd8 20. Nb3 Bxe3 21. Qxe3 Qxe3 22. Rxe3 Nb6 23. Na5 Ba8 24. Red3 Rbc8 25. Rd4 Rc5 26. Nb3 Rc4 27. Be2 Rxd4 28. Rxd4 g5 29. g3 gxf4 30. gxf4 f6 31. e6 1-0

[Event "Xtracon Open 2019"]
[Site "Helsingor"]
[Date "2019.07.26"]
[Round "8.6"]
[White "Meurman, Arne"]
[Black "Ernst, Michael"]
[Result "0-1"]
[WhiteElo "2014"]
[BlackElo "2190"]
[Annotator "NA"]
[PlyCount "120"]
[EventDate "2019.07.19"]
[EventType "swiss"]
[EventCountry "DEN"]
[SourceTitle "playchess.com"]
[Source "ChessBase"]
[SourceQuality "1"]

1. e4 e6 2. d4 d5 3. Nc3 dxe4 4. Nxe4 Bd7 5. Nf3 Bc6 6. Ng3 Nd7 7. Bd3 Ngf6 8. O-O Bxf3 9. Qxf3 c6 10. c3 Be7 11. Re1 O-O 12. Nf1 Qa5 13. Bf4 Qh5 14. Nd2 Qxf3 15. Nxf3 Nd5 16. Bg3 Rfd8 17. Bc2 Rac8 18. Rad1 c5 19. Bb3 c4 20. Bc2 b5 21. Be4 N7f6 22. Bxd5 Nxd5 23. Nd2 b4 24. cxb4 Nxb4 25. Nf3 c3 26. bxc3 Rxc3 27. Re3 Nxa2 28. Ra1 Rc1+ 29. Re1 Rxe1+ 30. Nxe1 Nc3 31. Rxa7 Bf6 32. Bc7 Rc8 33. Rb7 Bxd4 34. Rb8 Rxb8 35. Bxb8 e5 36. Kf1 f6 37. Nc2 Bc5 38. Bc7 Kf7 39. Ba5 Nd5 40. h4 g6 41. g3 Ke6 42. Ke2 Kf5 43. f3 e4 44. Bd2 h5 45. Ne1 e3 46. Bc1 Bd6 47. Bxe3 Bxg3 48. Ng2 Nxe3 49. Kxe3 g5 50. hxg5 fxg5 51. Ke2 h4 52. Kf1 h3 53. Ne3+ Kf4 54. Nd5+ Kxf3 55. Kg1 Bf2+ 56. Kh1 g4 57. Nc3 g3 58. Ne2 g2+ 59. Kh2 Kxe2 60. Kxh3 Kf1 0-1

[Event "Xtracon Open 2019"]
[Site "Helsingor"]
[Date "2019.07.26"]
[Round "8.6"]
[White "Weersing, Abigail Riis"]
[Black "Sorensen, Bernhard W."]
[Result "1-0"]
[WhiteElo "1709"]
[BlackElo "1567"]
[Annotator "NA"]
[PlyCount "79"]
[EventDate "2019.07.19"]
[EventType "swiss"]
[EventCountry "DEN"]
[SourceTitle "playchess.com"]
[Source "ChessBase"]
[SourceQuality "1"]

1. d4 d5 2. c4 c6 3. Nf3 Nf6 4. Nc3 Bf5 5. Qb3 Qb6 6. c5 Qc7 7. Bf4 Qc8 8. h3 e6 9. e3 Be7 10. Be2 h6 11. O-O O-O 12. Qa4 Nbd7 13. b4 b5 14. Qb3 a5 15. a4 axb4 16. Qxb4 bxa4 17. Nxa4 Bd8 18. Ne5 Rb8 19. Qc3 Ne4 20. Qa3 Nxe5 21. Bxe5 Bc7 22. Bxc7 Qxc7 23. Nb6 Nf6 24. Qa5 Nd7 25. Nxd5 Qb7 26. Ne7+ Kh7 27. Nxf5 Ra8 28. Nd6 Qb2 29. Bd3+ g6 30. Qxa8 Rxa8 31. Rxa8 Kg7 32. Ra7 Nf8 33. Nxf7 Qb8 34. Rfa1 h5 35. Ne5+ Kg8 36. Nxg6 Qb3 37. Be4 Nxg6 38. Bxg6 Qd5 39. Re7 Kf8 40. Rf7+ 1-0

[Event "Xtracon Open 2019"]
[Site "Helsingor"]
[Date "2019.07.26"]
[Round "8.7"]
[White "Christiansen, Johan-Sebastian"]
[Black "Hammer, Jon Ludvig"]
[Result "1/2-1/2"]
[WhiteElo "2548"]
[BlackElo "2637"]
[Annotator "TA"]
[PlyCount "40"]
[EventDate "2019.07.19"]
[EventType "swiss"]
[EventCountry "DEN"]
[SourceTitle "playchess.com"]
[Source "ChessBase"]
[SourceQuality "1"]

1. e4 e5 2. Nf3 Nc6 3. Bc4 Nf6 4. d4 exd4 5. O-O Nxe4 6. Re1 d5 7. Bxd5 Qxd5 8. Nc3 Qh5 9. Nxe4 Be6 10. Bg5 Bd6 11. Nxd6+ cxd6 12. Bf4 Qd5 13. c3 Rc8 14. b3 O-O 15. Nxd4 Nxd4 16. Qxd4 Qxd4 17. cxd4 d5 18. Rac1 Rxc1 19. Rxc1 Rc8 20. Rxc8+ Bxc8 1/2-1/2

[Event "Xtracon Open 2019"]
[Site "Helsingor"]
[Date "2019.07.26"]
[Round "8.7"]
[White "Haubro, Martin"]
[Black "Hjartarson, Johann"]
[Result "0-1"]
[WhiteElo "2356"]
[BlackElo "2513"]
[Annotator "ChessBase"]
[PlyCount "54"]
[EventDate "2019.07.19"]
[EventType "swiss"]
[EventCountry "DEN"]
[SourceTitle "playchess.com"]
[Source "ChessBase"]
[SourceQuality "1"]

1. e4 e6 2. d4 d5 3. Nc3 Nf6 4. e5 Nfd7 5. f4 c5 6. Nf3 Nc6 7. Be3 Be7 8. Qd2 a6 9. dxc5 Nxc5 10. a3 Qc7 11. Qf2 b6 12. O-O-O O-O 13. Kb1 f5 14. exf6 Bxf6 15. Qe1 Bd7 16. g3 Rac8 17. Bh3 Rfe8 18. f5 Ne4 19. Nxe4 dxe4 20. Bf4 e5 21. Qxe4 Na5 22. Bc1 Bc6 23. Qe2 Bxf3 24. Qxf3 Qxc2+ 25. Ka2 e4 26. Qg2 Qb3+ 27. Kb1 Nc4 0-1

[Event "Xtracon Open 2019"]
[Site "Helsingor"]
[Date "2019.07.26"]
[Round "8.7"]
[White "Molvig, Henrik"]
[Black "Arndt, Uwe"]
[Result "1/2-1/2"]
[WhiteElo "2099"]
[BlackElo "1922"]
[Annotator "NA RC"]
[PlyCount "25"]
[EventDate "2019.07.19"]
[EventType "swiss"]
[EventCountry "DEN"]
[SourceTitle "playchess.com"]
[Source "ChessBase"]
[SourceQuality "1"]

1. d4 Nf6 2. c4 e6 3. Nc3 d5 4. cxd5 exd5 5. Bg5 Be7 6. Qc2 Nbd7 7. e3 O-O 8. Bd3 h6 9. Bh4 Re8 10. Nge2 c6 11. O-O Ne4 12. Bxe7 Qxe7 13. Bxe4 1/2-1/2

[Event "Xtracon Open 2019"]
[Site "Helsingor"]
[Date "2019.07.26"]
[Round "8.7"]
[White "Machlik, Edit"]
[Black "Valkama, Eero"]
[Result "1/2-1/2"]
[WhiteElo "2075"]
[BlackElo "2286"]
[Annotator "NA"]
[PlyCount "161"]
[EventDate "2019.07.19"]
[EventType "swiss"]
[EventCountry "DEN"]
[SourceTitle "playchess.com"]
[Source "ChessBase"]
[SourceQuality "1"]

1. d4 Nf6 2. c4 e6 3. Nc3 Bb4 4. Qc2 c5 5. dxc5 Bxc5 6. Nf3 Qb6 7. e3 Qc7 8. g4 h6 9. Rg1 b6 10. h4 Bb7 11. Be2 h5 12. gxh5 Nxh5 13. Bd2 Nc6 14. Nb5 Qd8 15. Ng5 f5 16. O-O-O a6 17. Nc3 Qe7 18. Na4 Nf6 19. a3 a5 20. Qb3 Ba6 21. Bc3 Rxh4 22. Rh1 Rxh1 23. Rxh1 O-O-O 24. Nxb6+ Kc7 25. Na4 Rb8 26. Qc2 Ng4 27. Bxg4 fxg4 28. Ne4 Bd6 29. Nxd6 Qxd6 30. Rd1 Qe7 31. Qd2 Bxc4 32. Bxa5+ Kb7 33. Qxd7+ Qxd7 34. Rxd7+ Ka6 35. Bc3 Kb5 36. b3 Bxb3 37. Nb2 Bd5 38. Rxg7 Rf8 39. Be1 Ne5 40. Bc3 Nc4 41. a4+ Kc6 42. Nxc4 Bxc4 43. Rxg4 Be2 44. Rg2 Bf1 45. Rh2 Rf3 46. Kd2 Rh3 47. Rxh3 Bxh3 48. Kd3 Bg2 49. Kd4 Bd5 50. Bb4 Ba2 51. Kc3 Bd5 52. Ba5 Ba2 53. Bd8 Kb7 54. Kb4 Bd5 55. Kb5 Ba2 56. a5 Bd5 57. a6+ Ka8 58. Bf6 Ba2 59. Bd4 Bd5 60. Kb6 Ba2 61. Kc7 Bc4 62. a7 Ba2 63. Kd6 Bb3 64. Kc5 Ba2 65. Kb4 Bd5 66. Bb6 Ba2 67. e4 Kb7 68. f3 Ka8 69. Kc5 Bb3 70. f4 Ba2 71. f5 exf5 72. exf5 Kb7 73. Kd6 Ka8 74. Ke7 Kb7 75. f6 Ka8 76. f7 Bxf7 77. Kxf7 Kb7 78. Ke7 Ka8 79. Kd7 Kb7 80. Kd8 Ka8 81. Kc8 1/2-1/2

[Event "Xtracon Open 2019"]
[Site "Helsingor"]
[Date "2019.07.26"]
[Round "8.7"]
[White "Andersen, Kim Nyvang"]
[Black "Solberg, Joachim"]
[Result "0-1"]
[WhiteElo "2008"]
[BlackElo "2181"]
[Annotator "NA"]
[PlyCount "72"]
[EventDate "2019.07.19"]
[EventType "swiss"]
[EventCountry "DEN"]
[SourceTitle "playchess.com"]
[Source "ChessBase"]
[SourceQuality "1"]

1. d4 Nf6 2. c4 e6 3. Nc3 Bb4 4. e3 O-O 5. Nge2 d5 6. a3 Be7 7. cxd5 exd5 8. Nf4 c6 9. Be2 a5 10. O-O Re8 11. Qc2 Nbd7 12. b3 Nf8 13. Bd2 Ng6 14. Nxg6 hxg6 15. Bd3 Bd6 16. f4 Ng4 17. Rf3 f5 18. h3 Nf6 19. Na4 Ne4 20. Bc1 Rb8 21. Rb1 g5 22. fxg5 Qxg5 23. b4 axb4 24. axb4 Qh4 25. Bxe4 fxe4 26. Qf2 Qg5 27. Rf4 Bxf4 28. exf4 Qg6 29. Be3 Bxh3 30. b5 Ra8 31. Nc5 Ra3 32. Re1 cxb5 33. Kh2 Bf5 34. Nxb7 Rea8 35. Rg1 Qh5+ 36. Kg3 R8a6 0-1

[Event "Xtracon Open 2019"]
[Site "Helsingor"]
[Date "2019.07.26"]
[Round "8.8"]
[White "Moiseenko, Alexander"]
[Black "Cramling, Pia"]
[Result "1/2-1/2"]
[WhiteElo "2628"]
[BlackElo "2479"]
[Annotator "TA"]
[PlyCount "70"]
[EventDate "2019.07.19"]
[EventType "swiss"]
[EventCountry "DEN"]
[SourceTitle "playchess.com"]
[Source "ChessBase"]
[SourceQuality "1"]

1. d4 Nf6 2. Bg5 d5 3. Nd2 c5 4. dxc5 e5 5. b4 Nc6 6. c3 a5 7. a3 Be7 8. Bxf6 gxf6 9. Ngf3 d4 10. cxd4 axb4 11. axb4 Rxa1 12. Qxa1 O-O 13. e4 exd4 14. Qb1 d3 15. b5 Ne5 16. Nxe5 fxe5 17. Bxd3 Bxc5 18. O-O Be6 19. Nf3 Qd6 20. Qc1 Kh8 21. Be2 Bg4 22. h3 Bxf3 23. Bxf3 Rc8 24. Kh1 Rc7 25. Qg5 h6 26. Qh4 Bd4 27. Bg4 Kg7 28. Bf5 Qf6 29. Qg4+ Qg5 30. Qd1 Bxf2 31. Qd6 Rc1 32. Qxe5+ Kg8 33. Qe8+ Kg7 34. Qe5+ Kg8 35. Qe8+ Kg7 1/2-1/2

[Event "Xtracon Open 2019"]
[Site "Helsingor"]
[Date "2019.07.26"]
[Round "8.8"]
[White "Hauge, Lars Oskar"]
[Black "Hobber, Anders"]
[Result "1/2-1/2"]
[WhiteElo "2476"]
[BlackElo "2294"]
[Annotator "ChessBase"]
[PlyCount "169"]
[EventDate "2019.07.19"]
[EventType "swiss"]
[EventCountry "DEN"]
[SourceTitle "playchess.com"]
[Source "ChessBase"]
[SourceQuality "1"]

1. e4 e6 2. Qe2 c5 3. g3 Nc6 4. Nf3 d6 5. Bg2 Nf6 6. O-O Be7 7. Rd1 O-O 8. d4 cxd4 9. Nxd4 Nxd4 10. Rxd4 Bd7 11. c4 Qc7 12. Be3 Ng4 13. Qxg4 e5 14. Qe2 exd4 15. Bxd4 Rac8 16. b3 Qd8 17. Qb2 Bf6 18. Bxf6 Qxf6 19. Qxf6 gxf6 20. a4 Rc5 21. Nc3 Bc6 22. g4 a6 23. Rd1 Rd8 24. Bf1 h5 25. h3 hxg4 26. hxg4 Re5 27. f3 a5 28. Kf2 Kf8 29. Bd3 Ree8 30. Ne2 Ke7 31. Ng3 Bd7 32. Be2 Be6 33. Nh5 Rh8 34. f4 Rdg8 35. f5 Bd7 36. Ke3 Bc6 37. Kf4 Rh6 38. Bf3 Rhh8 39. Rh1 Bd7 40. Rh2 Bc6 41. Rd2 Rd8 42. Be2 Rdg8 43. Rd3 Rd8 44. Re3 Rdg8 45. Bf3 Rd8 46. Re1 Rc8 47. Ke3 Rhg8 48. Rc1 Bd7 49. Be2 Bc6 50. Rc3 Bd7 51. Kd4 Bc6 52. Rh3 Rcd8 53. Re3 Rc8 54. Bd1 Bd7 55. Kc3 Bc6 56. Kb2 Bd7 57. Be2 Bc6 58. Kc2 Bd7 59. Kd2 Bc6 60. Ke1 Bd7 61. Kf2 Bc6 62. Kg3 Bd7 63. Bf1 Bc6 64. Bg2 Rcd8 65. Re1 Rc8 66. Nf4 Rh8 67. Rd1 Rcd8 68. Ne2 Rc8 69. Nc3 Rcd8 70. Rd2 Rc8 71. Ne2 Rhg8 72. Kf4 Rh8 73. Nd4 Rcd8 74. Nf3 Rc8 75. Rd1 Rcd8 76. Rg1 Rdg8 77. Bf1 Rg7 78. Bg2 Rhg8 79. Bh3 Rh8 80. Rg3 Rhg8 81. Nd4 Bd7 82. Rc3 Rc8 83. Nc2 Rh7 84. Ne3 Bc6 85. Bg2 1/2-1/2